[Event "4NCL Division 2b"]
[Site "Hinckley Island ENG"]
[Date "2014.11.15"]
[Round "1.84"]
[White "Clark, Ian C"]
[Black "Willis, Rupert"]
[Result "0-1"]
[WhiteElo "2059"]
[BlackElo "2132"]
[PlyCount "140"]
[EventDate "2014.11.15"]
[WhiteTeam "Wessex"]
[BlackTeam "Grantham Sharks 2"]

1. e4 d6 2. d4 Nf6 3. Nc3 g6 4. Nf3 Bg7 5. Be2 O-O 6. O-O Bg4 7. Ne1 Bxe2 8.
Qxe2 Nc6 9. Be3 e5 10. d5 Nd4 11. Qd1 c6 12. dxc6 bxc6 13. Nd3 Qe7 14. f3 Rad8
15. Re1 Nh5 16. Ne2 Ne6 17. Nb4 Qb7 18. c3 a5 19. Nd3 d5 20. Qc2 Qe7 21. exd5
cxd5 22. g4 e4 23. fxe4 Nf6 24. Nf2 dxe4 25. Nd4 Nxd4 26. Bxd4 Rxd4 27. cxd4 e3
28. Nd3 Qe4 29. Qe2 Nd5 30. Rad1 Bxd4 31. Rf1 f5 32. gxf5 gxf5 33. Rc1 Kh8 34.
Rf3 f4 35. Kf1 Rg8 36. Ne1 Qg6 37. Ng2 Qxg2+ 38. Qxg2 e2+ 39. Kxe2 Rxg2+ 40.
Kd3 Be3 41. Rc8+ Kg7 42. Ke4 Rd2 43. Ra8 Nf6+ 44. Kf5 Rd5+ 45. Ke6 Rb5 46. a4
Rxb2 47. Rxa5 Kg6 48. h4 h6 49. Ra6 Ng4 50. h5+ Kg5 51. Ra5+ Kh4 52. Kf5 Rb4
53. Rf1 Kg3 54. Ra8 Kg2 55. Ra1 f3 56. a5 Rf4+ 57. Ke6 f2 58. a6 f1=Q 59. Rxf1
Rxf1 60. a7 Rf6+ 61. Kd5 Bxa7 62. Rxa7 Rf5+ 63. Ke4 Rxh5 64. Rg7 Kg3 65. Rg6
Re5+ 66. Kd4 Rg5 67. Ra6 h5 68. Ke4 Nf2+ 69. Ke3 Re5+ 70. Kd2 h4 0-1

[Event "4NCL Division 2b"]
[Site "Hinckley Island ENG"]
[Date "2014.11.15"]
[Round "1.85"]
[White "Prior, Stephen"]
[Black "Tunks, Dominic R"]
[Result "1/2-1/2"]
[WhiteElo "2018"]
[BlackElo "2061"]
[PlyCount "97"]
[EventDate "2014.11.15"]
[WhiteTeam "Grantham Sharks 2"]
[BlackTeam "Wessex"]

1. e4 d6 2. d4 Nf6 3. Nc3 c6 4. Bd3 e5 5. Nge2 Nbd7 6. O-O b5 7. d5 cxd5 8.
Nxd5 Nxd5 9. exd5 Qb6 10. Re1 Be7 11. Ng3 Nf6 12. a4 bxa4 13. Rxa4 O-O 14. c4
Bd7 15. Ra3 Rfc8 16. h3 a5 17. Re2 a4 18. Rc2 g6 19. Bg5 Nxd5 20. Bxe7 Nxe7 21.
Ne4 Kg7 22. Nc3 Ra7 23. Rd2 Qb8 24. Nxa4 Be6 25. Rb3 Qc7 26. Rc3 Qa5 27. Bc2
Bf5 28. b3 Qb4 29. g4 Rxa4 30. bxa4 Qxc3 31. gxf5 Nxf5 32. Bxf5 gxf5 33. Rxd6
Qxh3 34. Rd3 Qh4 35. Rg3+ Kh8 36. Qd6 Re8 37. c5 f4 38. Rg2 f3 39. Rg3 Rd8 40.
Qxe5+ f6 41. Qa1 Rg8 42. Qe1 Qh3 43. Rxg8+ Kxg8 44. Qe8+ Kg7 45. Qe7+ Kg6 46.
Qe4+ Kg7 47. Qe7+ Kg6 48. Qe4+ Kg7 49. Qe7+ 1/2-1/2

[Event "4NCL Division 2b"]
[Site "Hinckley Island ENG"]
[Date "2014.11.15"]
[Round "1.86"]
[White "Gregory, Keith DF"]
[Black "Batchelor, Guy J"]
[Result "1-0"]
[WhiteElo "2020"]
[BlackElo "1857"]
[PlyCount "39"]
[EventDate "2014.11.15"]
[WhiteTeam "Wessex"]
[BlackTeam "Grantham Sharks 2"]

1. Nf3 d5 2. c4 c6 3. b3 Nf6 4. g3 Bg4 5. Ne5 Be6 6. Bb2 dxc4 7. bxc4 Bxc4 8.
Nxc4 Qd5 9. Qb3 b5 10. Ne5 Qxh1 11. Qxf7+ Kd8 12. Qe6 Kc7 13. Nf3 Nbd7 14. Na3
Rc8 15. O-O-O g5 16. Bh3 Qxd1+ 17. Kxd1 Bh6 18. Ne5 Nxe5 19. Qxe7+ Kb6 20. Qxf6
1-0

[Event "4NCL Division 2b"]
[Site "Hinckley Island ENG"]
[Date "2014.11.15"]
[Round "1.87"]
[White "Wells, Daniel J"]
[Black "Bellers, Christopher JV"]
[Result "1/2-1/2"]
[WhiteElo "2002"]
[BlackElo "2008"]
[PlyCount "33"]
[EventDate "2014.11.15"]
[WhiteTeam "Grantham Sharks 2"]
[BlackTeam "Wessex"]

1. e4 g6 2. d4 Bg7 3. Nc3 c5 4. Be3 Qa5 5. Qd2 cxd4 6. Bxd4 Bxd4 7. Qxd4 Nf6 8.
Bc4 Nc6 9. Qe3 d6 10. O-O-O Be6 11. Bxe6 fxe6 12. Nge2 O-O-O 13. Qh3 Qg5+ 14.
f4 Qg4 15. Qe3 Kb8 16. h3 Qh5 17. Nd4 1/2-1/2

[Event "4NCL Division 2b"]
[Site "Hinckley Island ENG"]
[Date "2014.11.15"]
[Round "1.88"]
[White "Zhou, Yang-Jian"]
[Black "Summerscale, Claire E"]
[Result "1-0"]
[WhiteElo "1810"]
[BlackElo "1936"]
[PlyCount "79"]
[EventDate "2014.11.15"]
[WhiteTeam "Wessex"]
[BlackTeam "Grantham Sharks 2"]

1. Nf3 d5 2. d4 Nf6 3. c4 e6 4. e3 c5 5. cxd5 exd5 6. dxc5 Bxc5 7. Nc3 Nc6 8.
Bb5 O-O 9. O-O Bg4 10. h3 Bh5 11. Na4 Bd6 12. Be2 Bc7 13. Nd4 Qd6 14. g3 Bg6
15. Nb5 Qe7 16. Nxc7 Qxc7 17. b3 Ne4 18. Kg2 Rad8 19. Bb2 Rfe8 20. Rc1 Qb8 21.
Bb5 Nxg3 22. fxg3 Rxe3 23. Qg4 Be4+ 24. Kh2 d4 25. Bxc6 Bxc6 26. Rf4 Rde8 27.
Bxd4 Re2+ 28. Rf2 Rxf2+ 29. Bxf2 Re4 30. Qf5 Qe8 31. Nc3 Re5 32. Qg4 h5 33. Qd4
Rf5 34. Re1 Qb8 35. Qxa7 Qc7 36. Qb6 Qd6 37. Rd1 Qf6 38. Qd8+ Qxd8 39. Rxd8+
Kh7 40. Rd2 1-0